000 00634nam a2200217Ia 4500
003 GCL
008 140319s9999 xx 000 0 ara d
040 _aGCL /
_cGCL
082 0 4 _a250
_bح ف
100 1 _aحسن احمد الخطيب
245 1 0 _aالفقة المقارن /
_cحسن احمد الخطيب
260 _a[S.N] :
_bالهيئة المصرية العامة للكتاب ،
_c1991
300 _a411 ص
490 _a
650 0 4 _aالاسلام
650 0 4 _aالفقه الاسلامى
650 0 4 _aالديانات
650 0 4 _aالفقهاء
650 0 4 _aالفقه المقارن
942 _2ddc
_cBK
999 _c29243
_d29243